000 01175naa a22003257a 4500
001 BR9400294
003 BR-BrBNA
005 20240918181056.0
007 ta
008 230509b bl.||||| |||| 00| 0 por d
040 _aBR-BrBNA
_bpor
_cBiblioteca Nacional de Agricultura
041 _a(Pt)
072 _aP11; U10
090 _aP11 BR9400294
100 1 _aPereira, A.L.
100 1 _aBastos, E.A.
100 1 _aCataneo, A.
111 1 _a22. Congresso Brasileiro de Engenharia Agricola
_cIlheus, BA (Brazil)
_d19-23 Jul 1993
245 1 _aPrograma para calculo de espacamento entre drenos, utilizando-se as equacoes de hooghoudt e glover-dumm
260 3 _aIlheus, BA (Brasil):
_c1993.
500 _a22. Congresso Brasileiro de Engenharia Agricola. Anais Ilheus, BA (Brasil): 1993. v. 4 p. 2322-2327 (BR9400294-AM)P11
650 _aDrenagem
650 _aDreno
650 _aEspacamento
650 _aPrograma de Computador
650 _aModelo Matematico
773 0 _t22. Congresso Brasileiro de Engenharia Agricola. Anais
_wP11 BR9400294
_gIlheus, BA (Brasil), 1993. v. 4 p. 2322-2327
909 _a202404
_bLucia
_c55
_dLucia Elande
942 _cAM
_2AGRIS
999 _c323513
_d323513